| 000 | 00926nam a2200265 i 4500 | ||
|---|---|---|---|
| 001 | bg | ||
| 245 | 0 | 0 |
_aWybrane zagadnienia napędów hydraulicznych i pneumatycznych : _bćwiczenia laboratoryjne / _cDariusz Bereś [et al.]. |
| 260 |
_aCzęstochowa : _bWydaw. PC, _c2001. |
||
| 300 |
_a110 s. : _bil. ; _c24 cm. |
||
| 490 | 1 |
_aSkrypty Politechniki Częstochowskiej, _x1234-9909 ; _v41 |
|
| 504 | _aBibliogr. | ||
| 650 | 9 | _aNapęd hydrauliczny | |
| 650 | 9 | _aNapęd pneumatyczny | |
| 650 | 9 |
_aSterowanie _xurządzenia _xćwiczenia i zadania dla szkół wyższych |
|
| 655 | _aĆwiczenia i zadania dla szkół wyższych | ||
| 700 | 1 | _aBEREŚ, Dariusz | |
| 830 |
_aSkrypty Politechniki Częstochowskiej, _x1234-9909 ; |
||
| 020 | _a8371931611 | ||
| 040 | _cBPK | ||
| 041 | 0 | _apl | |
| 080 | _a629.33.03:629.366.03:681.5](075.8) | ||
| 920 | _a83-7193-161-1 | ||
| 942 | _cKS | ||
| 008 | s pl f |000 0 pol | ||
| 999 |
_c42175 _d42175 |
||
| 856 |
_uhttp://koha.tu.koszalin.pl/cgi-bin/koha/opac-detail.pl?biblionumber=42175 _yKatalog online BPK |
||